[Event "Plovdiv Tringov Memorial 46th"]
[Site "Plovdiv"]
[Date "2024.08.11"]
[Round "1"]
[White "Markidis, Konstantinos"]
[Black "Akyuz, Kerem Arhan"]
[Result "1-0"]
[WhiteElo "2246"]
[BlackElo "1901"]
[PlyCount "57"]
[EventDate "2024.08.11"]
[EventType "swiss"]
[EventRounds "9"]
[EventCountry "BUL"]
[SourceTitle "CBM 221 Extra"]
[Source "ChessBase"]
[SourceDate "2024.09.30"]
[SourceVersion "1"]
[SourceVersionDate "2024.09.30"]
[SourceQuality "1"]

1. e4 c6 2. d4 d5 3. Nd2 dxe4 4. Nxe4 Nf6 5. Nxf6+ exf6 6. c3 Bd6 7. Bd3 0-0 8. Ne2 Re8 9. 0-0 Nd7 10. Ng3 Qc7 11. Nf5 Bxh2+ 12. Kh1 Bd6 13. Bh6 g6 14. Ng7 Re7 15. Qf3 b6 16. Nf5 Re8 17. Nxd6 Qxd6 18. Bf4 Qe6 19. Rae1 Qxe1 20. Rxe1 Rxe1+ 21. Kh2 Bb7 22. Bd2 Ree8 23. Qg3 Rac8 24. Bf5 Rcd8 25. Qc7 Bc8 26. Bh6 c5 27. Qd6 cxd4 28. Bxd7 Re6 29. Qc7 1-0

[Event "Kavala op-B 33rd"]
[Site "Kavala"]
[Date "2024.07.30"]
[Round "2"]
[White "Glavinac, Goran"]
[Black "Akyuz, Kerem Arhan"]
[Result "1/2-1/2"]
[WhiteElo "2013"]
[BlackElo "1801"]
[PlyCount "121"]
[EventDate "2024.07.29"]
[EventType "swiss"]
[EventRounds "9"]
[EventCountry "GRE"]
[SourceTitle "EXT 2025"]
[Source "ChessBase"]
[SourceDate "2024.10.14"]
[SourceVersion "1"]
[SourceVersionDate "2024.10.14"]
[SourceQuality "1"]

1. Nf3 Nf6 2. c4 g6 3. b3 Bg7 4. Bb2 0-0 5. g3 c6 6. Bg2 d5 7. 0-0 Nbd7 8. Qc2 Re8 9. Nc3 b6 10. Rac1 Bb7 11. d4 Rc8 12. Rfd1 Ba6 13. Ne5 e6 14. e4 dxe4 15. Nxe4 Nxe4 16. Qxe4 Bb7 17. Ba3 Qc7 18. f4 Ba8 19. Qe2 Rcd8 20. Bb2 Nxe5 21. dxe5 Bf8 22. Be4 Bc5+ 23. Kg2 Re7 24. Rxd8+ Qxd8 25. Rd1 Rd7 26. Rxd7 Qxd7 27. Bc3 a5 28. h4 Bb7 29. Qd2 Qxd2+ 30. Bxd2 h5 31. Kf3 Kf8 32. Be3 Bxe3 33. Kxe3 Ke7 34. a3 Kd7 35. b4 axb4 36. axb4 Kc7 37. c5 bxc5 38. bxc5 Ba6 39. Bf3 Bc4 40. g4 hxg4 41. Bxg4 Kd7 42. h5 gxh5 43. Bxh5 Ke7 44. Kd4 Bd5 45. Kc3 f6 46. Kb4 fxe5 47. fxe5 Kd7 48. Ka5 Kc7 49. Ka6 Bc4+ 50. Ka7 Bd5 51. Ka6 Bc4+ 52. Ka5 Bd5 53. Kb4 Be4 54. Kc3 Bd5 55. Kd4 Kd7 56. Ke3 Ke7 57. Kf4 Bc4 58. Kg5 Bd5 59. Bd1 Be4 60. Bb3 Bd5 61. Bc2 1/2-1/2

[Event "TUR-chT U12"]
[Site "Karaman"]
[Date "2024.04.22"]
[Round "4"]
[White "Baskurt, Baris"]
[Black "Akyuz, Kerem Arhan"]
[Result "0-1"]
[WhiteElo "1596"]
[BlackElo "1738"]
[PlyCount "106"]
[EventDate "2024.04.21"]
[EventType "team-tourn"]
[EventRounds "9"]
[EventCountry "TUR"]
[SourceTitle "EXT 2025"]
[Source "ChessBase"]
[SourceDate "2024.10.14"]
[SourceVersion "1"]
[SourceVersionDate "2024.10.14"]
[SourceQuality "1"]

1. d4 Nf6 2. Nf3 g6 3. Bf4 Bg7 4. e3 0-0 5. h3 d5 6. Bd3 c5 7. c3 Nc6 8. 0-0 Qb6 9. Qb3 c4 10. Qxb6 axb6 11. Bc2 Bf5 12. Bxf5 gxf5 13. Nbd2 b5 14. a3 Ne4 15. Nxe4 fxe4 16. Ne5 f6 17. Nd7 Rf7 18. Nb6 Rd8 19. a4 b4 20. a5 e5 21. dxe5 fxe5 22. Bg5 Bf6 23. Bxf6 Rxf6 24. Rfd1 Rfd6 25. f3 exf3 26. gxf3 Kf7 27. Kh2 Nxa5 28. Rxa5 Rxb6 29. Raxd5 Rxd5 30. Rxd5 Ke6 31. Rc5 bxc3 32. bxc3 Rb2+ 33. Kg3 b5 34. Rc6+ Kd5 35. Ra6 Rb3 36. e4+ Kc5 37. Re6 Rxc3 38. Rxe5+ Kc6 39. Rh5 b4 40. Rh6+ Kc5 41. Rh5+ Kd4 42. Kf4 Rd3 43. Rh4 c3 44. e5 c2 45. Kf5+ Kd5 46. Rxh7 Rxf3+ 47. Kg4 Rc3 48. e6 c1Q 49. e7 Qg1+ 50. Kh4 Qg3+ 51. Kh5 Qxh3+ 52. Kg6 Rg3+ 53. Kf6 Qe6# 0-1

[Event "TUR-chT U12"]
[Site "Karaman"]
[Date "2024.04.21"]
[Round "3"]
[White "Akyuz, Kerem Arhan"]
[Black "Akkus, Muhammed Ali"]
[Result "0-1"]
[WhiteElo "1738"]
[BlackElo "1738"]
[PlyCount "90"]
[EventDate "2024.04.21"]
[EventType "team-tourn"]
[EventRounds "9"]
[EventCountry "TUR"]
[SourceTitle "EXT 2025"]
[Source "ChessBase"]
[SourceDate "2024.10.14"]
[SourceVersion "1"]
[SourceVersionDate "2024.10.14"]
[SourceQuality "1"]

1. d4 Nf6 2. c4 e6 3. Nf3 b6 4. g3 Bb7 5. Bg2 Be7 6. 0-0 0-0 7. d5 exd5 8. Nh4 Re8 9. cxd5 Bf8 10. Nc3 d6 11. e4 Nbd7 12. Qc2 a6 13. h3 g6 14. Be3 Bg7 15. Rae1 b5 16. f4 Nf8 17. Bc1 N6d7 18. Rd1 Nb6 19. b3 Nfd7 20. Bb2 Nc5 21. Rde1 b4 22. Nd1 a5 23. Bxg7 Kxg7 24. Qb2+ Kg8 25. Qd4 a4 26. Ne3 h5 27. e5 Ba6 28. f5 g5 29. Nf3 Nd3 30. exd6 Qxd6 31. Rd1 Nc5 32. Rfe1 Re4 33. Qd2 Qxg3 34. Kh1 Rae8 35. Nf1 Rxe1 36. Rxe1 Rxe1 37. Nxe1 Bxf1 38. Bxf1 Ne4 39. Qg2 Qxe1 40. Kg1 Nxd5 41. Qf3 Qe3+ 42. Qxe3 Nxe3 43. bxa4 Nxf1 44. Kxf1 Kf8 45. a5 Nc5 0-1